Responses for Show #7067 - Tuesday, May 12, 2015

2015 Celebrity Jeopardy! game 2.

Contestants

[<< previous game]

Mark Kelly, a retired U.S. Navy captain and astronaut from Houston, Texas

Kevin O'Leary, an entrepreneur from Shark Tank

Aaron Rodgers, the reigning NFL MVP from the Green Bay Packers

[next game >>]

Jeopardy! Round responses

NUMBER 12
BIBLE MVPs
TRAVELING AMONGST THE STARS
IT'S TRUE
ALSO A BUSINESS TERM
FOREBEARS
    $200 1
Alcoholics Anonymous

Mark
    $200 4
Moses

Aaron
    $200 14
(Liam) Neeson

Aaron
    $200 11
a bald eagle

Aaron
    $200 16
corn

Aaron
    $400 2
John Stockton

Aaron
    $400 5
Peter

Aaron
    $400 18
Jennifer Lopez

Aaron
    $400 12
(Mark: What is... San Marino?)
(Kevin: What is Liechtenstein?)

the Vatican

KevinMark
Triple Stumper
    $400 17
Roots

Mark
    $600 3
12 drummers drumming

Triple Stumper
    $600 6
Sarah

Aaron
    $600 19
(Alex: With a minute to go.)

Robin Wright

Aaron
    $600 13
Venus

Mark
    $400 23
[The end-of-round signal sounds.]

Australia

Mark
    $800 9
12 Years a Slave

Mark
    $800 7
(Alex: Yeah, you knew that, Aaron. Should have rung in.)

Lazarus

Triple Stumper
    $800 20
Frank Sinatra

Kevin
    $800 15
a Fender Stratocaster

Kevin
    $1000 10
Paradise Lost

Triple Stumper
    $1000 8
(Aaron: Who is John the Baptist?)

Jeremiah

Aaron
Triple Stumper
    $1000 21
Molly Ringwald & Ally Sheedy

Triple Stumper
    $1000 22
(Mark: What is licensed--[*]--what is [*] commission?)
(Alex: Thank you. Good correction.)

limo

Mark

Scores at the first commercial break (after clue 14):

Aaron Kevin Mark
$1,000 -$400 $1,200

Scores at the end of the Jeopardy! Round:

Aaron Kevin Mark
$2,200 $1,200 $3,000

Double Jeopardy! Round responses

LEADER OF THE PACK
PHYSICAL SCIENCE
CITIES IN SONG
SHARK TANK
"N" DEAVOUR
5 BEARS
    $400 3
the South Pole

Aaron
    $400 8
(Kevin: What is a wing?)

drag

KevinMark
    $400 18
(Mark: "I love New York".)
(Alex: No.)
(Mark: What is New York?)
(Alex: No.)

L.A.

KevinMark
    $400 1
blood

Kevin
    $400 11
a newlywed

Aaron
    $800 4
Alexander the Great

Aaron
    $800 9
(Mark: What is the fourth dimension?)
(Aaron: What is the third dimension?)

the fifth dimension

AaronMark
Triple Stumper
    $800 19
Allentown

Mark
    $800 2
chips

Aaron
    $800 12
a no-hitter

Aaron
    $800 26
(Jerry) Brown

Aaron
    $1200 5
Mount Everest

Aaron
    $1200 10
reactions

Aaron
    $1200 20
New York

Kevin
    $1200 27
Mandalay Bay

Aaron
    $1200 13
norm

Aaron
    $3,000 25
(Aaron: What is IBM?)

Apple

Aaron
    $1600 6
(George Armstrong) Custer

Aaron
    $1600 16
(Kevin: What is carbon aging?)

carbon-14

Kevin
Triple Stumper
    $1600 21
Havana

Mark
    $2,000 28
[The end-of-round signal sounds.]

the fin

Aaron
    $1600 14
Namibia

Triple Stumper
    $1600 23
Dilbert

Triple Stumper
    $2000 7
Ferdinand Magellan

Mark
    $2000 17
(Kevin: What is Pluto?)
(Alex: No.)
(Mark: That's what I was gonna say.)

Ceres

Kevin
Triple Stumper
    $2000 22
(Kevin: What is New Jersey?)

Philadelphia

AaronKevin
    $2000 15
a nag

Mark
    $2000 24
Gregory Peck

Triple Stumper

Scores at the end of the Double Jeopardy! Round:

Aaron Kevin Mark
$12,800 -$2,800 $8,600

[wagering suggestions for these scores]

Final Jeopardy! Round responses

BUSINESS
(Alex: [To Kevin] You lose everything. You drop to $0.)
(Kevin: You're a bad man, Alex.)
(Alex: I know. ... I used to be Mr. Wonderful.)
...
(Alex: What piece of equipment do you see there? Motorcycles.)
KevinWho are the wright brothers
$1,000
MarkWho are Ford + Pontiac
$4,300
AaronWho are Ernst & Young
$4,401
Harley & Davidson

Final scores:

Aaron Kevin Mark
$8,399 $0 $4,300
Winner: $50,000 to the MACC Fund 3rd place: $10,000 to the Martin P. Solomon Medical Education Scholars Program 2nd place: $10,000 to the Memorial Hermann Hospital Foundation

Game dynamics:

Coryat scores:

Aaron Kevin Mark
$15,400 -$2,800 $8,800
22 R
(including 1 DD),
3 W
(including 1 DD)
5 R,
5 W
11 R
(including 1 DD),
3 W

Combined Coryat: $21,400

[game clues] [game scores] [suggest correction]

Game tape date: Unknown
The J! Archive is created by fans, for fans. Scraping, republication, monetization, and malicious use prohibited; this site may use cookies and collect identifying information. See terms. The Jeopardy! game show and all elements thereof, including but not limited to copyright and trademark thereto, are the property of Jeopardy Productions, Inc. and are protected under law. This website is not affiliated with, sponsored by, or operated by Jeopardy Productions, Inc. Join the discussion at JBoard.tv.